(Record no. 184509)
[ view plain ]
| 000 -CABECERA | |
|---|---|
| campo de control de longitud fija | 01701nam a2200301Ia 4500 |
| 001 - NÚMERO DE CONTROL | |
| campo de control | IA_The work was developed in two phases, the first one consisted on a visual inspection, where each area was carefully observed, as well as all the systems employed for it´s operation. The second one consisted on a bibliografic consult and determination of adjusts to apply, once this was done the actual situation of the Enterprise was compared with the requirements of the Official Mexican Standards, by doing this we were able to make a table with the breaches and the relevant 2 corrections, so that the Enterprise may comply with the minimum measures for a proper implementation of the Official Mexican Standards. |
| 008 - DATOS DE LONGITUD FIJA--INFORMACIÓN GENERAL | |
| campo de control de longitud fija | 220117s xx 000 0 und d |
| 010 ## - NÚMERO DE CONTROL DE LA BIBLIOTECA DEL CONGRESO | |
| Número de control de LC | 184509 |
| 530 ## - NOTA DE FORMATO FÍSICO ADICIONAL DISPONIBLE | |
| Nota de formato físico adicional disponible | Disponible en PDF |
| 583 ## - NOTA DE ACCIÓN | |
| Acción | 1 ej. imp. ; 2 ej. CD |
| 650 ## - PUNTO DE ACCESO ADICIONAL DE MATERIA--TÉRMINO DE MATERIA | |
| Término de materia o nombre geográfico como elemento de entrada | Buenas prácticas de fabricación |
| 9 (RLIN) | 148349 |
| 650 ## - PUNTO DE ACCESO ADICIONAL DE MATERIA--TÉRMINO DE MATERIA | |
| Término de materia o nombre geográfico como elemento de entrada | Desserts |
| 9 (RLIN) | 157182 |
| 650 ## - PUNTO DE ACCESO ADICIONAL DE MATERIA--TÉRMINO DE MATERIA | |
| Término de materia o nombre geográfico como elemento de entrada | Electricidad |
| 9 (RLIN) | 36215 |
| 650 ## - PUNTO DE ACCESO ADICIONAL DE MATERIA--TÉRMINO DE MATERIA | |
| Término de materia o nombre geográfico como elemento de entrada | Electricity |
| 9 (RLIN) | 150276 |
| 650 ## - PUNTO DE ACCESO ADICIONAL DE MATERIA--TÉRMINO DE MATERIA | |
| Término de materia o nombre geográfico como elemento de entrada | Estándares de calidad de un producto |
| 9 (RLIN) | 153632 |
| 650 ## - PUNTO DE ACCESO ADICIONAL DE MATERIA--TÉRMINO DE MATERIA | |
| Término de materia o nombre geográfico como elemento de entrada | Good manufacturing practices |
| 9 (RLIN) | 148471 |
| 650 ## - PUNTO DE ACCESO ADICIONAL DE MATERIA--TÉRMINO DE MATERIA | |
| Término de materia o nombre geográfico como elemento de entrada | Industrial safety |
| 9 (RLIN) | 157183 |
| 650 ## - PUNTO DE ACCESO ADICIONAL DE MATERIA--TÉRMINO DE MATERIA | |
| Término de materia o nombre geográfico como elemento de entrada | Postres |
| 9 (RLIN) | 157184 |
| 650 ## - PUNTO DE ACCESO ADICIONAL DE MATERIA--TÉRMINO DE MATERIA | |
| Término de materia o nombre geográfico como elemento de entrada | Product quality standards |
| 9 (RLIN) | 153635 |
| 650 ## - PUNTO DE ACCESO ADICIONAL DE MATERIA--TÉRMINO DE MATERIA | |
| Término de materia o nombre geográfico como elemento de entrada | Seguridad industrial |
| 9 (RLIN) | 103675 |
| 700 1# - PUNTO DE ACCESO ADICIONAL--NOMBRE DE PERSONA | |
| Nombre de persona | Bañuelos Gudiño, Mario Marco Vinicio |
| 9 (RLIN) | 156618 |
| 700 ## - PUNTO DE ACCESO ADICIONAL--NOMBRE DE PERSONA | |
| Nombre de persona | Ponce Hernández, Pedro, asesor |
| 9 (RLIN) | 163704 |
| 700 ## - PUNTO DE ACCESO ADICIONAL--NOMBRE DE PERSONA | |
| Nombre de persona | Szymaski Duque, Rosa Guadalupe, asesor |
| 9 (RLIN) | 163716 |
| 700 ## - PUNTO DE ACCESO ADICIONAL--NOMBRE DE PERSONA | |
| Nombre de persona | Varela Castillo, Próspero Gabriel, coaut. |
| 9 (RLIN) | 157186 |
| 942 ## - ELEMENTOS DE PUNTO DE ACCESO ADICIONAL (KOHA) | |
| Tipo de ítem Koha | |
No items available.
